UM Logo
Normal view MARC view
  • Nemesio S. Que S. J.

Entry Personal Name

Number of records used in: 1

001 - CONTROL NUMBER

  • control field: 8353

003 - CONTROL NUMBER IDENTIFIER

  • control field: OSt

005 - DATE AND TIME OF LATEST TRANSACTION

  • control field: 20160516184621.0

008 - FIXED-LENGTH DATA ELEMENTS

  • fixed length control field: 160516|| aca||aabn | a|a d

040 ## - CATALOGING SOURCE

  • Original cataloging agency: OSt

100 ## - HEADING--PERSONAL NAME

  • Personal name: Nemesio S. Que S. J.
  • Relator term: Editor